| 000 | 00962cam a2200289 i 4500 | ||
|---|---|---|---|
| 001 | 800953 | ||
| 003 | OSt | ||
| 005 | 20140310182058.0 | ||
| 008 | 751009s1976 nyua 000 0beng | ||
| 010 | _a 75035595 | ||
| 020 |
_a0670006025 : _c$5.95 |
||
| 040 |
_aDLC _cDLC _dDLC |
||
| 050 | 0 | 0 |
_aR 726.8 _b.J87 1976 |
| 082 | 0 | 0 |
_aHS 362.1 _bJ97 1976 |
| 100 | 1 |
_aJury, Mark. _912513 |
|
| 245 | 1 | 0 |
_aGramp : _cMark Jury and Dan Jury. _ba man ages and dies. the extraordinary record of one family's encounter with the reality of dying / |
| 260 |
_aNew York : _bGrossman Publishers, _cc1976. |
||
| 300 |
_a152 p. : _bill. ; _c22 cm. |
||
| 600 | 1 | 0 |
_aTugend, Frank C. _d1892-1974. _912514 |
| 650 | 0 |
_aTerminally ill _xBiography. _912515 |
|
| 650 | 0 |
_aArteriosclerosis _xBiography. _912516 |
|
| 650 | 0 |
_aTugend family. _912517 |
|
| 700 | 1 |
_aJury, Dan, _ejoint author. _912518 |
|
| 906 |
_a7 _bcbc _corignew _d1 _eocip _f19 _gy-gencatlg |
||
| 942 |
_2lcc _cHS |
||
| 999 |
_c9125 _d9125 |
||